01014nam a2200277Ia 4500001000700000003000500007008004100012010001100053020002200064040000900086082001500095110003300110245020200143260006400345300001100409503001800420504005200438650002200490650003200512650001700544650003600561700003500597700003800632700003300670710003300703Z_6636CHAP220113s2012 xx 000 0 und d a169910 a978-958-8595-02-3 cCHAP a631.21 H64 aHogares Juveniles Campesinos aGranja integral autosuficiente /cHogares Juveniles Campesinos ; fotografía Fabián Perdomo Delgado... [et al], ilustración Sandra Palomino Aguirre... [et al]; edición Marcela Ramírez-Aza aColombia :b Fundacion Hogares Juveniles Campesinos,c2012 a304 p. aej.1: consumo aBibliografía: p. 289 - 290 , incluye índice aAbono para granja aAdministración de granjas aAlelopatía aGanadería xx Administracion a Palomino Aguirre, Sandra, il. a Perdomo Delgado, Fabián, fot.  aRamírez-Aza, Marcela, ed.  aHogares Juveniles Campesinos